Praxe krizového řízení a příprava manažerů na přelomu tisíciletí
Štúdia sa zaoberá niektorými zmenami v praxi krízového riadenia a v náväznosti na to zásadnými problémami v príprave manažérov obstáť v krízových situáciách. Prax krízového riadenia v českých podnikoch a zameranie systému vzdelávania v tejto oblasti. Osobný prístup manažéra k príprave na krízovú uda...
Guardado en:
| Autor principal: | |
|---|---|
| Formato: | Capítulo de libro |
| Lenguaje: | checo |
| Materias: | |
| Etiquetas: |
Sin Etiquetas, Sea el primero en etiquetar este registro!
|
MARC
| LEADER | 00000naa a2200000 4500 | ||
|---|---|---|---|
| 001 | r043207 | ||
| 005 | 20230919103637.1 | ||
| 041 | 0 | |a cze | |
| 044 | |a CZ | ||
| 245 | 1 | 0 | |a Praxe krizového řízení a příprava manažerů na přelomu tisíciletí |c Marie Mikušová |
| 520 | |a Štúdia sa zaoberá niektorými zmenami v praxi krízového riadenia a v náväznosti na to zásadnými problémami v príprave manažérov obstáť v krízových situáciách. Prax krízového riadenia v českých podnikoch a zameranie systému vzdelávania v tejto oblasti. Osobný prístup manažéra k príprave na krízovú udalosť. Požiadavky kladené na prípravu krízového manažéra. | ||
| 610 | 2 | 0 | |a manažment krízový |
| 610 | 2 | 0 | |a podnik |
| 610 | 2 | 0 | |a kríza podniku |
| 610 | 2 | 0 | |a Česko |
| 610 | 2 | 0 | |a manažéri |
| 610 | 2 | 0 | |a príprava odborná |
| 100 | 1 | |a Mikušová, Marie | |